header

Human population genetics (Record no. 71419)

MARC details
000 -LEADER
fixed length control field 01695nam a2200325 a 4500
082 04 - DEWEY DECIMAL CLASSIFICATION NUMBER
Classification number 599.93/5
100 1# - MAIN ENTRY--AUTHOR NAME
Personal name Relethford, John.
245 10 - TITLE STATEMENT
Title Human population genetics
260 ## - PUBLICATION, DISTRIBUTION, ETC. (IMPRINT)
Place of publication Hoboken, N.J. :
Name of publisher Wiley-Blackwell,
Year of publication c2012.
300 ## - PHYSICAL DESCRIPTION
Number of Pages xi, 296 p. :
Other physical details ill.
520 ## - SUMMARY, ETC.
Summary, etc "Human Population Genetics will provide an introduction to mathematical population genetics, along with relevant examples from human (and some non-human primate) populations, and will also present concepts and methods of population genetics that are specific to the study of human populations. The purpose of this book is to provide a basic background text for advanced undergraduate and graduate students interesting in the mechanisms of human microevolution"--
650 #0 - SUBJECT ADDED ENTRY--TOPICAL TERM
Topical Term Human population genetics.
856 40 - ELECTRONIC LOCATION AND ACCESS
Uniform Resource Identifier http://site.ebrary.com/lib/rucke/Doc?id=10630499
520 ## - SUMMARY, ETC.
-- Provided by publisher.

No items available.

© 2026 Rongo University
Contact us: librarian | system librarian | Rongo university